Z dějin národa českého /

Hlavní autor: Renčín, Vladimír, 1941-2017
Jazyk: Čeština
Vydáno: Praha : Eminent, 2012
Témata:
Fyzický popis: [232] s. : il. (některé barev.) ; 21 x 24 cm
Knihy
Uloženo v:
LEADER 01271cam a2200373 a 4500
001 nkc20122430456
003 CZ PrNK
005 20140402124247.0
007 ta
008 121122s2012 xr a e 000 h cze d
015 |a cnb002430456 
020 |a 978-80-7281-454-1  |q (váz.) 
035 |a (OCoLC)855463824 
040 |a KLG001  |b cze  |d ABA001 
043 |a e-xr--- 
072 7 |a 821-1/-8  |x Literatura různých forem a žánrů  |2 Konspekt  |9 25 
080 |a 94(437.3)  |2 MRF 
080 |a 821-845  |2 MRF 
080 |a (0:82-845)741.5  |2 MRF 
100 1 |a Renčín, Vladimír,  |d 1941-2017  |7 jk01102345  |4 aut  |4 ill 
245 1 0 |a Z dějin národa českého /  |c Renčín 
246 3 |a Renčín - Z dějin národa českého 
260 |a Praha :  |b Eminent,  |c 2012 
300 |a [232] s. :  |b il. (některé barev.) ;  |c 21 x 24 cm 
500 |a S vybranými texty Františka Palackého, Josefa Pekaře a Aloise Jiráska 
651 7 |a Česko  |7 ge128065  |x dějiny  |2 czenas 
651 9 |a Czechia  |x history  |2 eczenas 
655 7 |a kreslené vtipy  |7 fd132683  |2 czenas 
655 9 |a jokes  |2 eczenas 
910 2 |a BOA001  |b 2-1316.001 
990 |a BK 
995 |a 01 
991 |b 201312  |e b 
996 6 |b 2610573224  |c 2-1316.001  |l MZK  |r Sklad / do 1 hodiny  |n 2  |p p.v.  |w 001387960  |u 000010  |a 1  |e BOA001  |j MZK50  |s P